| 000 | 00783cab a22001815a 4500 | ||
|---|---|---|---|
| 001 | L144926 | ||
| 008 | 080820s2008 xxkb f s 000 0 eng d | ||
| 035 | _a(Sirsi) u144926 | ||
| 041 | 0 | _aeng | |
| 100 | 1 | _aBlazkova, Petra | |
| 245 | 0 | 0 | _aTurkish property investment prospects continue upward curve |
| 260 | _c2008 | ||
| 490 |
_aProperty Forecast _v11(6) June 2008, 12-13(2) |
||
| 520 | _aLooks at the commercial property and investment market in Turkey, providing key economic indicators and pros and cons for investing in the region. Article also addresses: office; industrial and retail markets and provides a brief explanation of lease terms in Turkey. | ||
| 651 | 4 | _aEurope | |
| 690 | _aPROPERTY-COMMERCIAL PROPERTY-COMMERCIAL PROPERTY FINANCE AND INVESTMENT | ||
| 942 | _n0 | ||
| 999 |
_c80647 _d80647 |
||